Quick Pick: The Old Switcheroo Quiz Stats

 Plays Quiz Updated Sep 24, 2016

Challenge
Share
Tweet
Embed
Score 0/14 Timer 01:30
1 Play Today
% Correct
steel
89.3%
perfect
88.2%
trail
87.1%
rouge
85.9%
trial
84.4%
rogue
83.1%
infraction
83%
% Correct
infarction
79.4%
prefect
74%
causal
73.2%
casual
72.4%
stele
69.8%
discreet
68.1%
discrete
56.4%

Today's Daily Dose

Missing Word
Britpop Albums

Word Ladder
Sing It!

On This Day
December 14th II

You're not logged in!

Compare scores with friends on all Sporcle quizzes.
OR
Log In

You Might Also Like...

Show Comments

Extras

Top Quizzes Today


Score Distribution

Your Account Isn't Verified!

In order to create a playlist on Sporcle, you need to verify the email address you used during registration. Go to your Sporcle Settings to finish the process.

Report this User

Report this user for behavior that violates our Community Guidelines.

Details: